000 00731nam a22002297a 4500
005 20170124110234.0
010 _aB-021646
020 _c200.00
_a8175240474
035 _aB-021646
037 _bCen Lib/Ret
040 _aDPL
_bEN
082 _a617.1027
_bAMB
100 _aAmbast, Anju
_941790
245 _aPrevention and treatment of sports injuries /
_cby Anju Ambast
260 _aDelhi
_bKhel Sahitya Kendra
_c2000
270 _aWP-474, 1st Floor, Shiv Market Ashok Vihar-I
_bDelhi
_e110052
300 _a81p. :
_c20cm(Hb)
_bill.
500 _aIncludes bibliographical references
650 _aPrevention -- Sports injuries
_941791
650 _aSports
_9104519
942 _2ddc
_cEN
_h617.1027
_mAMB
999 _c134797
_d134797